书目信息 |
| 题名: |
2008考研英语冲刺班讲义
|
|
| 作者: | 徐绽 | |
| 分册: | ||
| 出版信息: | 北京 北京文都教育集团 2007.05 |
|
| 页数: | 131页 | |
| 开本: | 26cm | |
| 丛书名: | ||
| 单 册: | ||
| 中图分类: | H31-42 | |
| 科图分类: | ||
| 主题词: | 英语 | |
| 电子资源: | ||
| ISBN: | ||
| 000 | 00565nam0 2200205 450 | |
| 001 | 0941908212 | |
| 005 | 20090616114020.43 | |
| 010 | @dCNY15.00 | |
| 100 | @a20080617d2007 km y0chiy0120 ea | |
| 101 | 0 | @achi |
| 102 | @aCN@b110000 | |
| 200 | 1 | @a2008考研英语冲刺班讲义@A2008 kao yan ying yu chong ci ban jiang yi@e文都考研@f徐绽@Fxu zhan |
| 210 | @a北京@c北京文都教育集团@d2007.05 | |
| 215 | @a131页@d26cm | |
| 517 | 1 | @a文都考研@Awen dou kao yan |
| 606 | 0 | @a英语 |
| 690 | @aH31-42@v4 | |
| 701 | 0 | @a徐绽@Axu zhan |
| 801 | 0 | @aCN@c20090616 |
| 905 | @dH31-42@eX845 | |
| 2008考研英语冲刺班讲义:文都考研/徐绽.-北京:北京文都教育集团,2007.05 |
| 131页;26cm |
| ISBN :CNY15.00 |
| ● |
| 相关链接 |
|
|
|
正题名:2008考研英语冲刺班讲义
索取号:H31-42/X845
 
预约/预借
| 序号 | 登录号 | 条形码 | 馆藏地/架位号 | 状态 | 备注 |